[Event "ch-AUT"]
[Site "Jenbach AUT"]
[Date "2009.07.31"]
[Round "7"]
[White "Wallnoefer,H"]
[Black "Bozinovic,Bob"]
[Result "0-1"]
[WhiteElo "2066"]
[BlackElo "2114"]

1.e4 c5 2.Nf3 Nc6 3.Bb5 g6 4.O-O Bg7 5.c3 a6 6.Bxc6 dxc6 7.d4 cxd4 8.Nxd4 c5
9.Nb3 Qxd1 10.Rxd1 b6 11.a4 Be6 12.N3d2 O-O-O 13.Na3 Bh6 14.Nab1 Nf6 15.Re1 Rd3
16.f3 Rhd8 17.Nf1 Bxc1 18.Rxc1 Rd1 19.Na3 Rxc1 20.Rxc1 Bb3 21.a5 bxa5 22.Kf2 Kc7
23.Ke2 a4 24.Ne3 Rb8 25.Ra1 Nd7 26.Nac4 Nb6 27.Nd2 Be6 28.Kd1 Kc6 29.Kc2 c4
30.Rd1 Rd8 31.Nb1 Rxd1 32.Kxd1 Nd7 33.Na3 Kc5 34.Ke2 g5 35.Nac2 Ne5 36.Ne1 Kb5
37.N3c2 Kc5 38.Ke3 f6 39.Nb4 a5 40.Nbc2 h5 41.h3 h4 42.Kd2 Ng6 43.Nd4 Bd7
44.Ne2 Kb5 45.Nd4+ Kb6 46.Ne2 Kc5 47.Nc2 Ne5 48.Ne1 a3 49.bxa3 Kb5 50.Nc2 Ka4
51.Ned4 Nd3 52.Ne3 Ne5 53.Ndc2 Be6 54.Nd4 Bd7 55.Ndc2 Kb3 56.Nd5 Kb2 57.Nxe7 Ba4
58.Ne3 Kxa3 59.N7d5 Kb2 60.Ng4 Nxg4 61.hxg4 Bc6 62.Nb6 Bb5 63.f4 gxf4 64.e5 fxe5
65.g5 Kb3 66.g6 Be8 67.g7 Bf7 68.Nd7 e4 69.Nc5+ Kb2 70.Nxe4 a4 71.Nc5 a3  0-1

[Event "Czech Open A"]
[Site "Pardubice CZE"]
[Date "2009.07.31"]
[Round "8"]
[White "Olsarova,K"]
[Black "Kochetkova,J"]
[Result "0-1"]
[WhiteElo "2151"]
[BlackElo "2310"]

1.e4 c5 2.Nf3 Nc6 3.Bb5 Qc7 4.O-O e6 5.Re1 Nd4 6.Nxd4 cxd4 7.d3 Bd6 8.h3 Ne7
9.Nd2 O-O 10.Nf3 f5 11.Bd2 Qc5 12.Ba4 b5 13.Bb3 a5 14.c3 dxc3 15.Bxc3 Bf4
16.a4 b4 17.Bd2 Ng6 18.Qc1 Qd6 19.Bc4 Bb7 20.e5 Bxe5 21.Nxe5 Nxe5 22.Bf4 Qc6
23.f3 Nxf3+ 24.gxf3 Qxf3 25.Qd2 Rf6 26.Kh2 Re8 27.Rf1 Qh5 28.Rg1 Rg6 29.Rxg6 hxg6
30.Rg1 Kf7 31.Rg5 Qf3 32.Rg1 Rh8 33.Bg3 Rxh3+ 34.Kxh3 Qg4+  0-1

[Event "Czech Open A"]
[Site "Pardubice CZE"]
[Date "2009.07.31"]
[Round "8"]
[White "Jansa,Vl"]
[Black "Mamedov,Rau"]
[Result "1-0"]
[WhiteElo "2470"]
[BlackElo "2645"]

1.e4 c5 2.Nf3 Nc6 3.Bb5 g6 4.O-O Bg7 5.c3 Nf6 6.Re1 O-O 7.h3 d5 8.e5 Ne8
9.d4 cxd4 10.cxd4 Nc7 11.Bxc6 bxc6 12.Nc3 Ne6 13.Be3 f6 14.exf6 exf6 15.Qd2 g5
16.Na4 h6 17.Qc2 Qd6 18.Rac1 f5 19.Qxc6 Qxc6 20.Rxc6 Re8 21.Bd2 g4 22.Nh4 g3
23.fxg3 Bd7 24.Rd6 Nf8 25.Nc3 Bxd4+ 26.Kh2 Rxe1 27.Bxe1 Be6 28.Nf3 Bc5 29.Rc6 Be3
30.Ne2 Re8 31.Bc3 Rc8 32.Rxc8 Bxc8 33.Bd4 Bxd4 34.Nfxd4 Kf7 35.Nf4 Kf6 36.Nc6 Bd7
37.Nxd5+ Ke6 38.Nf4+ Kd6 39.Nd4 a5 40.Kg1 Ke5 41.Nf3+ Ke4 42.Kf2 a4 43.Ke2 Ne6
44.Nd2+ Kd4 45.Nf3+ Ke4 46.Nh5 Bb5+ 47.Kd2 Kd5 48.Nf6+ Kd6 49.Ng8 h5 50.Ke3 Bc4
51.a3 Ng7 52.Nf6 Ke6 53.Nh7 Bf1 54.Nhg5+ Kd5 55.Nh4 Bc4 56.Ngf3 Ba2 57.Ng6 Kc4
58.Nd2+ Kc5 59.Nf4 Bf7 60.Nd3+ Kb5 61.Nf3 Bg8 62.Kd4 Ne6+ 63.Kc3 Ng7 64.Nd4+ Ka5
65.Nf4 Bf7 66.Nf3 Kb5 67.Kd4 Ne6+ 68.Nxe6 Bxe6 69.Nd2 Ba2 70.Nf1 Be6 71.Ne3 Bc8
72.Nd5  1-0

[Event "Open"]
[Site "Stara Pazova SRB"]
[Date "2009.07.31"]
[Round "8"]
[White "Vujacic,Bo"]
[Black "Skoko,Mil"]
[Result "1-0"]
[WhiteElo "2315"]
[BlackElo "2230"]

1.e4 c5 2.Nf3 Nc6 3.Bb5 g6 4.Bxc6 dxc6 5.d3 Bg7 6.h3 Nh6 7.Nc3 f6 8.Be3 b6
9.Qd2 Nf7 10.a4 a5 11.d4 cxd4 12.Nxd4 e5 13.Nb3 Qc7 14.O-O O-O 15.f4 Bh6
16.Qf2 Rb8 17.fxe5 Bxe3 18.Qxe3 fxe5 19.Rf6 Ba6 20.Rd1 Rbd8 21.Rxd8 Rxd8
22.Nd2 Rd6 23.Rf2 Kg7 24.b3 Rf6 25.Nf3 Bc8 26.Rd2 h6 27.Kh2 Nd8 28.Ne2 Nf7
29.Kg1 Ba6 30.Nc3 Bc8 31.Ne2 Ba6 32.Ng3 Bc8 33.c4 Be6 34.Ne2 h5 35.Rd3 Bc8
36.Nc3 Bd7 37.c5 b5 38.axb5 cxb5 39.Nd5 Qa7 40.Nxf6 Kxf6 41.h4 Be6 42.Ng5 a4
43.b4 Bc4 44.Rd1 a3 45.Qf2+ Kg7 46.Nxf7 a2 47.Qb2 Qa4 48.Qxe5+ Kf8 49.Rd8+ Kxf7
50.Rd7+  1-0

[Event "16th ORDIX Open"]
[Site "Mainz GER"]
[Date "2009.08.02"]
[Round "6"]
[White "Zvjaginsev,V"]
[Black "Bacrot,E"]
[Result "1/2-1/2"]
[WhiteElo "2635"]
[BlackElo "2721"]

1.e4 c5 2.Nf3 Nc6 3.Bb5 g6 4.O-O Bg7 5.c3 Nf6 6.e5 Nd5 7.d4 cxd4 8.cxd4 O-O
9.Nc3 Nxc3 10.bxc3 d6 11.exd6 exd6 12.a4 Na5 13.Re1 a6 14.Bf1 Be6 15.Ng5 Bd5
16.Ne4 Re8 17.Bg5 Qd7 18.Nf6+ Bxf6 19.Bxf6 Rxe1 20.Qxe1 Re8 21.Qd2 Qf5 22.Qg5 Qxg5
23.Bxg5 Bc4 24.Rb1 Ba2 25.Ra1 Bc4 26.Rb1 d5 27.f3 Bxf1 28.Kxf1 Kg7 29.Bf4 Re7
30.g4 f6 31.h4 Nc4 32.Kf2 h6 33.g5 fxg5 34.hxg5 h5 35.Be5+ Kf7 36.Bf6 Rd7
37.Kg3 Ne3 38.Kf4 Ng2+ 39.Kg3 Ne3 40.Kf4  1/2-1/2

[Event "Centroamericano & Caribbean U20 w"]
[Site "Medellin COL"]
[Date "2009.08.03"]
[Round "8"]
[White "Loaiza,Y"]
[Black "Salazar,Au"]
[Result "0-1"]
[WhiteElo "1975"]
[BlackElo "2049"]

1.e4 c5 2.Nf3 Nc6 3.Bb5 g6 4.Bxc6 bxc6 5.O-O Bg7 6.c3 d6 7.d3 Nf6 8.Bg5 O-O
9.Nbd2 Ba6 10.Ne1 e5 11.f4 exf4 12.Rxf4 h6 13.Bxf6 Bxf6 14.Nf1 Bg7 15.Ng3 Qb6
16.Rf2 Rad8 17.Qc2 Rfe8 18.Rd1 Re7 19.Nf3 Rde8 20.Kh1 h5 21.Qd2 Bc8 22.Qf4 Bg4
23.Rdd2 d5 24.exd5 cxd5 25.h3 Bd7 26.d4 cxd4 27.Nxd4 Be5 28.Qf3 Qd6 29.Nge2 Bg7
30.Nf4 Bh6 31.Rde2 Rxe2 32.Nfxe2 Re7 33.Ng3 Re1+ 34.Nf1 Re7 35.Ng3 Bg7 36.Nge2 Bc8
37.Rf1 Ba6 38.Rf2 Bh6 39.Rf1 Qd7 40.Rd1 Qe8 41.Nf4 Re3 42.Qf2 Qe5 43.g3 h4
44.Nc6 hxg3 45.Nxe5 gxf2  0-1

[Event "Continental ch-Americas"]
[Site "Sao Paulo BRA"]
[Date "2009.08.03"]
[Round "11"]
[White "Quesada Perez,Y"]
[Black "Espinosa Flores,R"]
[Result "1/2-1/2"]
[WhiteElo "2584"]
[BlackElo "2401"]

1.e4 c5 2.Nf3 Nc6 3.Bb5 g6 4.Bxc6 dxc6 5.d3 Bg7 6.h3 Nf6 7.Nc3 Nd7 8.Be3 e5
9.Qd2 h6 10.O-O b6 11.Nh2 Nf8 12.f4 exf4 13.Rxf4 Be6 14.Raf1 Qc7 15.R4f2 O-O-O
16.Ng4 g5 17.Nf6 Nd7 18.Nh5 Be5 19.Ne2 Bxb2 20.c3 Ne5 21.Qxb2 Nxd3 22.Qc2 Nxf2
23.Rxf2 Qd6 24.Nc1 Qd1+ 25.Qxd1 Rxd1+ 26.Rf1 Rhd8 27.Rxd1 Rxd1+ 28.Kf2 Bc4
29.Ng3 f6 30.Nf5 h5 31.g4 hxg4 32.hxg4 Kd7 33.e5 Ke6 34.exf6 Kxf6 35.Ng3 Kg6
36.Ne4 Rf1+ 37.Kg2 Re1 38.Kf2 Rf1+ 39.Kg2 Re1 40.Kf2  1/2-1/2

[Event "Continental ch-Americas"]
[Site "Sao Paulo BRA"]
[Date "2009.08.03"]
[Round "11"]
[White "Felgaer,R"]
[Black "Prasca Sosa,R"]
[Result "1-0"]
[WhiteElo "2561"]
[BlackElo "2414"]

1.e4 c5 2.Nf3 Nc6 3.Bb5 e6 4.O-O Nge7 5.Nc3 a6 6.Bxc6 Nxc6 7.d4 cxd4 8.Nxd4 Qc7
9.Nxc6 bxc6 10.Qg4 Bd6 11.Kh1 O-O 12.Bh6 Be5 13.f4 f5 14.exf5 exf5 15.Qg3 Bxc3
16.Qxc3 d6 17.Rae1 Bb7 18.Rf3 Rf7 19.Rg3 Rb8 20.Ree3 Kh8 21.h4 d5 22.h5 d4
23.Qxd4 Kg8 24.Qc4 Kf8 25.Rxg7  1-0

[Event "4th Timisoara Cup A"]
[Site "Timisoara ROM"]
[Date "2009.08.04"]
[Round "4"]
[White "Emodi,G"]
[Black "Vedmediuc,S"]
[Result "0-1"]
[WhiteElo "2311"]
[BlackElo "2444"]

1.e4 c5 2.Nf3 Nc6 3.Bb5 g6 4.Bxc6 bxc6 5.O-O Bg7 6.Re1 Nf6 7.e5 Nd5 8.d4 cxd4
9.Qxd4 O-O 10.Qh4 f6 11.Nc3 Nxc3 12.bxc3 Qa5 13.Bh6 Rf7 14.Bxg7 Kxg7 15.exf6+ exf6
16.Qd4 Bb7 17.Rab1 c5 18.Qd3 Bc6 19.c4 Bxf3 20.Qxf3 Rb8 21.a3 Rxb1 22.Rxb1 Re7
23.Kf1 Qc7 24.g3 Qe5 25.Rb7 Qe6 26.Kg2 Qxc4 27.Qd3 Qxd3 28.cxd3 Kf7 29.Rxa7 Ke6
30.Kf3 Kd5 31.Rc7 Kd6 32.Rc8 Kd5 33.Rc7 Kd6 34.Rc8 Re1 35.Rh8 Ra1 36.Rxh7 Rxa3
37.Ke2 Ke6 38.Rg7 g5 39.h4 gxh4 40.gxh4 Ra4 41.Rh7 d5 42.h5 Rh4 43.Rc7 Kd6
44.Rf7 Ke5 45.Re7+ Kd4 46.Rf7 Rxh5 47.Rxf6 Kc3 48.Re6 d4 49.Re8 c4 50.dxc4 d3+
51.Ke3 d2 52.Rd8 Re5+ 53.Kf4 Re1 54.c5 d1=Q 55.Rxd1 Rxd1 56.Ke5 Kb4 57.c6 Kc5
58.c7 Re1+ 59.Kf6 Re8 60.f4 Kd6  0-1

[Event "4th Timisoara Cup A"]
[Site "Timisoara ROM"]
[Date "2009.08.06"]
[Round "6"]
[White "Nemes,S"]
[Black "Vedmediuc,S"]
[Result "0-1"]
[WhiteElo "2264"]
[BlackElo "2444"]

1.e4 c5 2.Nf3 Nc6 3.Bb5 g6 4.O-O Bg7 5.c3 Nf6 6.Qa4 a6 7.Re1 O-O 8.d4 cxd4
9.cxd4 d5 10.Bxc6 bxc6 11.e5 Ne4 12.Qxc6 Bf5 13.Nbd2 a5 14.Qa4 Qb6 15.Nxe4 dxe4
16.Nd2 Rfd8 17.Nb3 Be6 18.Be3 Bd5 19.Rec1 e6 20.Rc5 Qb4 21.Qxb4 axb4 22.Rcc1 f6
23.Bf4 g5 24.exf6 gxf4 25.fxg7 Bxb3 26.axb3 Rxa1 27.Rxa1 Rxd4 28.h3 Kxg7
29.Rc1 Kf6 30.Rc4 Ke5 31.g4 Rd1+ 32.Kg2 f3+ 33.Kh2 e3  0-1

[Event "FSGM August"]
[Site "Budapest HUN"]
[Date "2009.08.09"]
[Round "9"]
[White "Zherebukh,Y"]
[Black "Seres,L"]
[Result "1-0"]
[WhiteElo "2541"]
[BlackElo "2456"]

1.e4 c5 2.Nf3 Nc6 3.Bb5 g6 4.O-O Bg7 5.Re1 Nf6 6.e5 Nd5 7.Nc3 Nc7 8.Bc4 O-O
9.d3 d5 10.exd6 exd6 11.Bg5 Qd7 12.Bb3 b6 13.Qd2 Bb7 14.Ne4 Ne5 15.Nxe5 dxe5
16.Nf6+ Bxf6 17.Bxf6 Bxg2 18.Qh6 Ne8 19.Bxe5 Qg4 20.Re3 Bd5+ 21.Rg3 Qe6 22.Bxd5 Qxd5
23.Qxh7+  1-0

[Event "Asian Zone 3.2 m"]
[Site "New Delhi IND"]
[Date "2009.08.09"]
[Round "1"]
[White "Rathnakaran,K"]
[Black "Amir,K"]
[Result "1-0"]
[WhiteElo "2428"]
[BlackElo "2248"]

1.e4 c5 2.Nf3 Nc6 3.Bb5 g6 4.O-O Bg7 5.Re1 Nf6 6.e5 Nd5 7.Nc3 Nc7 8.Bxc6 dxc6
9.Ne4 Ne6 10.d3 O-O 11.Be3 b6 12.Qd2 Nd4 13.Nxd4 cxd4 14.Bh6 c5 15.h4 Bb7
16.h5 Qd5 17.Bxg7 Kxg7 18.Qg5 Rae8 19.h6+ Kh8 20.Nf6 Qe6 21.Nxe8 Rxe8 22.f3 Kg8
23.a3 Rd8 24.b4 Rc8 25.Qh4 Qd7 26.Qf4 Qd5 27.Rab1 c4 28.dxc4 Rxc4 29.Rbd1 Qd8
30.c3 Rxc3 31.Qxd4 Qxd4+ 32.Rxd4 Rc8 33.Red1 Re8 34.Rd7 Bc6 35.Rxa7 f5 36.exf6 exf6
37.Rd6  1-0

[Event "Arctic Chess Challenge"]
[Site "Tromso NOR"]
[Date "2009.08.09"]
[Round "9"]
[White "Bjerke,S"]
[Black "De Winter,E"]
[Result "1-0"]
[WhiteElo "2231"]
[BlackElo "1854"]

1.e4 c5 2.Nf3 Nc6 3.Bb5 a6 4.Bxc6 bxc6 5.O-O d6 6.e5 d5 7.d4 e6 8.c4 h6 9.Be3 cxd4
10.Nxd4 Qc7 11.cxd5 cxd5 12.Nc3 Ne7 13.Rc1 Qb7 14.Na4 Nf5 15.Nxf5 exf5 16.Nb6 Be6
17.Nxa8 Qxa8 18.Rc7 Qd8 19.Ra7 Be7 20.Qa4+ Bd7 21.Qxa6 O-O 22.Qb7 d4 23.Bd2 Bc5
24.Qxd7 Qb8 25.Rb7 Qxe5 26.Bb4 d3 27.Bxc5 Qxc5 28.Qxd3  1-0

[Event "Asian Zone 3.2 m"]
[Site "New Delhi IND"]
[Date "2009.08.10"]
[Round "3"]
[White "Neelotpal,D"]
[Black "Gillani,T"]
[Result "1/2-1/2"]
[WhiteElo "2474"]
[BlackElo "2276"]

1.e4 c5 2.Nf3 Nc6 3.Bb5 g6 4.Bxc6 dxc6 5.h3 Bg7 6.d3 e5 7.Be3 b6 8.a3 Ne7
9.Qd2 h6 10.b4 cxb4 11.axb4 Qc7 12.O-O f5 13.Qc3 O-O 14.Bc1 fxe4 15.dxe4 g5
16.Nbd2 Ng6 17.Nc4 Be6 18.Re1 Rxf3 19.gxf3 Bxh3 20.f4 exf4 21.Qxh3 Bxa1 22.Qxh6 Qg7
23.Qxg5 Bf6 24.Qg4 Ne5 25.Nxe5 Bxe5 26.Qxg7+ Kxg7 27.Rd1 Kf6 28.Kg2 Ke6 29.Rh1 Rf8
30.Kf3 Rf7 31.Rh6+ Kd7 32.Bd2 Kc7 33.Re6 Rd7 34.Bxf4 Bxf4 35.Kxf4 Rd2 36.Ke5 Rxf2
37.Re7+ Kb8 38.c3 Rd2 39.Re8+ Kc7 40.Re7+ Rd7 41.Re8 Rd3 42.Re7+ Rd7 43.Re8  1/2-1/2

[Event "XVIII TCh-MKD"]
[Site "Struga MKD"]
[Date "2009.08.11"]
[Round "2"]
[White "Veleski,R"]
[Black "Filev,G"]
[Result "1/2-1/2"]
[WhiteElo "2257"]
[BlackElo "2393"]

1.e4 c5 2.Nf3 Nc6 3.Bb5 Nf6 4.e5 Nd5 5.O-O Nc7 6.Bc4 g6 7.Nc3 Bg7 8.Re1 O-O
9.a4 b6 10.d3 Bb7 11.Bg5 d5 12.exd6 Qxd6 13.Bh4 Rae8 14.Bg3 Qd7 15.Ne5 Nxe5
16.Bxe5 Bc6 17.Qd2 Nd5 18.Nxd5 Bxd5 19.Bxg7 Kxg7 20.Qc3+ Kg8 21.Bxd5 Qxd5
22.Re5 Qd6 23.Rae1 e6 24.Qc4 Rd8 25.R1e4 Rd7 26.h4 Rfd8 27.h5 Qe7 28.Qc3 Rd4
29.hxg6 hxg6 30.Qd2 Qf6 31.b3 Kg7 32.Qe3 Rxe4 33.Qxe4 Rh8 34.g3 Rd8 35.Kg2 Rd4
36.Qe3 Rd5 37.Rxd5 exd5 38.c4 dxc4 39.dxc4 a5 40.f4 Qc6+ 41.Qf3 Qxf3+ 42.Kxf3 f5
43.g4 Kf6 44.g5+ Ke6 45.Ke3 Kd6 46.Kd3  1/2-1/2

[Event "FSGM August"]
[Site "Budapest HUN"]
[Date "2009.08.12"]
[Round "12"]
[White "Seres,L"]
[Black "Tzermiadianos,An"]
[Result "1-0"]
[WhiteElo "2456"]
[BlackElo "2447"]

1.e4 c5 2.Nf3 Nc6 3.Bb5 g6 4.O-O Bg7 5.Re1 e5 6.c3 Nge7 7.d4 cxd4 8.cxd4 exd4
9.Bf4 d6 10.Nxd4 O-O 11.Bxc6 bxc6 12.Nc3 Bb7 13.Qd2 Nc8 14.Bh6 Nb6 15.Bxg7 Kxg7
16.Rad1 Qe7 17.b3 Rad8 18.Re3 Kg8 19.Rg3 Kh8 20.Qh6 Rg8 21.Rh3 Rg7 22.Rhd3 a6
23.Nf3 f6 24.Qf4 Nc8 25.Nd2 Qe6 26.Nc4 Rgd7 27.Na4 c5 28.f3 f5 29.e5 dxe5
30.Qxe5+ Qxe5 31.Nxe5 Rxd3 32.Rxd3 Rxd3 33.Nxd3 c4 34.bxc4 Nd6 35.c5 Nc4
36.Nb6 Na5 37.Ne5 Kg7 38.f4 Kf6 39.g3 Ke6 40.Kf2 Bd5 41.a3 g5 42.Ke3 g4 43.Kd3 Nb3
44.c6  1-0

[Event "ch-CAN"]
[Site "Guelph CAN"]
[Date "2009.08.12"]
[Round "5"]
[White "Jung,HansR"]
[Black "Kaminski,V"]
[Result "1/2-1/2"]
[WhiteElo "2132"]
[BlackElo "2268"]

1.e4 c5 2.Nf3 Nc6 3.Bb5 g6 4.Bxc6 bxc6 5.h3 Bg7 6.e5 f6 7.Qe2 fxe5 8.Nxe5 d6
9.Ng4 e5 10.d3 Ne7 11.Qf3 Rf8 12.Qe4 h5 13.Nh2 Bf5 14.Qe2 Nd5 15.O-O Kf7
16.Nf3 Bf6 17.Na3 Re8 18.Nc4 e4 19.dxe4 Rxe4 20.Qd3 Kg8 21.Ncd2 Rb4 22.Qa6 Nc7
23.Qe2 Bxb2 24.Bxb2 Rxb2 25.Ne4 Rb4 26.Ng3 Be6 27.Qd2 Qf8 28.Qg5 Kh7 29.Nh4 Qh6
30.Qe7+ Qg7 31.Nxg6 Kxg6 32.Qxd6 Re8 33.Qxc5 Rb5 34.Qxc6 Qd7 35.Qe4+ Bf5
36.Qf3 Bxc2 37.Rfc1 Rc5 38.Nxh5 Qc6 39.Nf4+ Kg7 40.Qg4+ Kf7 41.Qh4 Qf6 42.Qxf6+ Kxf6
43.Nd3 Rc4 44.Nb4 Rxb4 45.Rxc2 Ne6 46.Re1 Nd4 47.Rxe8 Nxc2 48.Rc8 Nd4 49.h4 Ra4
50.h5 Ne2+ 51.Kf1 Nf4 52.Rc6+ Kg5 53.h6 Rxa2 54.Kg1 Rd2 55.h7 Rd8 56.Ra6 Rh8
57.Rxa7 Kh6 58.g3 Nh5 59.g4 Nf6 60.Ra6 Kg5 61.f4+ Kxf4 62.Rxf6+ Kxg4  1/2-1/2

[Event "FSGM August"]
[Site "Budapest HUN"]
[Date "2009.08.13"]
[Round "13"]
[White "Tzermiadianos,An"]
[Black "Varga,Zo"]
[Result "1/2-1/2"]
[WhiteElo "2447"]
[BlackElo "2473"]

1.e4 c5 2.Nf3 Nc6 3.Bb5 g6 4.Bxc6 bxc6 5.O-O Bg7 6.Re1 e5 7.d3 d6 8.Nbd2 Nf6
9.Nc4 Be6 10.Bd2 O-O 11.b4  1/2-1/2

[Event "2nd WCT GM"]
[Site "Moscow RUS"]
[Date "2009.08.13"]
[Round "6"]
[White "Glek,I"]
[Black "Girya,O"]
[Result "0-1"]
[WhiteElo "2528"]
[BlackElo "2266"]

1.e4 c5 2.Nf3 Nc6 3.Bb5 Nf6 4.Nc3 Qc7 5.Bxc6 dxc6 6.d3 e5 7.h3 Be7 8.O-O h6
9.Nh2 g5 10.Ne2 Be6 11.b3 O-O-O 12.Ng3 Rdg8 13.Re1 h5 14.Nf5 g4 15.h4 Bxf5
16.exf5 g3 17.fxg3 Rxg3 18.Bg5 Nd5 19.Nf1 Rg4 20.Nh2 Bxg5 21.Nxg4 Nc3 22.Qf3 hxg4
23.Qxg4 Bxh4 24.Re3 Bf6 25.Rh3 Qd8 26.g3 e4 27.Kg2 e3  0-1

[Event "24th Open"]
[Site "Schwarzach AUT"]
[Date "2009.08.15"]
[Round "1"]
[White "Wiesinger,R"]
[Black "Niedermeier,T"]
[Result "1/2-1/2"]
[WhiteElo "2252"]
[BlackElo "2027"]

1.e4 c5 2.Nf3 Nc6 3.Bb5 g6 4.O-O Bg7 5.Bxc6 dxc6 6.d3 Nf6 7.h3 Qc7 8.Nc3 b6
9.Bd2 e5 10.Qc1 h6 11.a3 Be6 12.b4 Nd7 13.bxc5 Nxc5 14.a4 g5 15.Nh2 Bf6 16.Ne2 O-O-O
17.Ng3 Rdg8 18.Qd1 Bd7 19.Qf3 Bd8 20.a5 b5 21.Bb4 Ne6 22.Nf5 c5 23.Bc3 h5
24.Rfc1 Nf4 25.a6 Rg6 26.Ba5 Qc6 27.Bxd8 Kxd8 28.Re1 Rhg8 29.Qg3 Qf6 30.Nf1 Qc6  1/2-1/2

[Event "24th Open"]
[Site "Schwarzach AUT"]
[Date "2009.08.15"]
[Round "1"]
[White "Neulinger,M"]
[Black "Wersching,A"]
[Result "1-0"]
[WhiteElo "2299"]
[BlackElo "2031"]

1.e4 c5 2.Nf3 Nc6 3.Bb5 g6 4.O-O Bg7 5.Re1 Qb6 6.Na3 a6 7.Bf1 Qc7 8.c3 b5
9.h3 Qb6 10.Nc2 Nf6 11.Ne3 O-O 12.e5 Ne8 13.d4 cxd4 14.cxd4 d6 15.Nd5 Qd8
16.Bg5 dxe5 17.dxe5 Nc7 18.Nxe7+ Nxe7 19.Qxd8 Rxd8 20.Bxe7 Rd5 21.Rac1 Ne6
22.b3 Bb7 23.Bd6 Bh6 24.Rc2 Re8 25.a4 bxa4 26.bxa4 Ra5 27.Rc4 Bd5 28.Rh4 Bg7
29.Rb4 f6 30.exf6 Bxf6 31.Re3 Kf7 32.Ne5+ Bxe5 33.Rxe5 Rd8 34.Rxe6 Bxe6 35.Bc7 Rdd5
36.Bxa5 Rxa5 37.f4 Ke7 38.Bc4 Bd7 39.Bb3 Bc6 40.Kf2 g5 41.g4 gxf4 42.Rxf4 h5
43.Ke3 Bd7 44.Re4+ Kf6 45.Rd4 Be8 46.Kf4 hxg4 47.hxg4 Kg7 48.Re4 Bg6 49.Re7+ Kf8
50.Re5 Rxe5 51.Kxe5 Ke7 52.a5 Bd3 53.g5 Kd7 54.Kd4  1-0

[Event "A2Bmedialtd.com Int Gp A"]
[Site "Uxbridge ENG"]
[Date "2009.08.15"]
[Round "6"]
[White "Kilpatrick,C"]
[Black "Tozer,R"]
[Result "1-0"]
[WhiteElo "2226"]
[BlackElo "2296"]

1.e4 c5 2.Nf3 Nc6 3.Bb5 g6 4.Bxc6 dxc6 5.d3 Bg7 6.h3 Nf6 7.Nc3 Nd7 8.Be3 e5
9.Qd2 Qe7 10.Bh6 f6 11.Ng1 Bxh6 12.Qxh6 Nf8 13.Nge2 Ne6 14.f4 exf4 15.Nxf4 Nxf4
16.Qxf4 Be6 17.O-O Rf8 18.Qh4 Rf7 19.Rf3 O-O-O 20.Raf1 Rdf8 21.Qg3 Qc7 22.Qxc7+ Kxc7
23.Ne2 Kd6 24.Nf4 Rd7 25.g4 Ke5 26.Kg2 b5 27.g5 Rdf7 28.gxf6 Bc8 29.Rg3 Kd6
30.Rg5 Re8 31.Ne2 Re5 32.h4 Ke6 33.Nf4+ Kd6 34.Ne2 Ke6 35.Nf4+ Kd6 36.Nh3 Bxh3+
37.Kxh3 Ke6 38.Kg4 a5 39.Rxe5+ Kxe5 40.Kg5 c4 41.dxc4 bxc4 42.Rf2 a4 43.Rf1 Ke6
44.Rf3 Rb7 45.f7 Rxf7 46.Rxf7 Kxf7 47.Kh6 Kf6 48.Kxh7 g5 49.e5+ Kf5 50.e6  1-0

[Event "ch-SCCF State"]
[Site "Los Angeles USA"]
[Date "2009.08.16"]
[Round "4"]
[White "Peters,Ja"]
[Black "Reynolds,R"]
[Result "1-0"]
[WhiteElo "2385"]
[BlackElo "2290"]

1.e4 c5 2.Nf3 Nc6 3.Bb5 g6 4.Bxc6 dxc6 5.d3 Bg7 6.Nc3 Nf6 7.Be3 b6 8.h3 O-O
9.Qd2 Ne8 10.Bh6 f6 11.O-O-O e5 12.g4 Qe7 13.Rdg1 Nc7 14.Bxg7 Qxg7 15.h4 Ne6
16.Ne2 Kh8 17.Rh2 Bd7 18.Ne1 Qf7 19.Kb1 Rad8 20.Ng2 c4 21.Qe3 cxd3 22.cxd3 Bc8
23.f4 Ba6 24.Rd1 Nc5 25.Ne1 Qe7 26.Rf2 Rd6 27.Nc1 Rfd8 28.f5 gxf5 29.gxf5 Rd4
30.Rfd2 Qf7 31.Nf3 R4d7 32.d4 exd4 33.Rxd4 Qe7 34.e5 Rd5 35.Rxd5 cxd5 36.Qd4 Ne4
37.Re1 Bb7 38.exf6 Qf7 39.Ng5 Qxf6 40.Qxf6+ Nxf6  1-0

[Event "24th Open"]
[Site "Schwarzach AUT"]
[Date "2009.08.16"]
[Round "2"]
[White "Jovanovic,Zo CRO"]
[Black "Legahn,D"]
[Result "1-0"]
[WhiteElo "2539"]
[BlackElo "2207"]

1.e4 c5 2.Nf3 Nc6 3.Bb5 g6 4.O-O Bg7 5.Re1 Nh6 6.c3 d5 7.exd5 Qxd5 8.d4 cxd4
9.Nxd4 Bd7 10.Nxc6 bxc6 11.Ba4 Qxd1 12.Rxd1 Nf5 13.Nd2 Nd6 14.Nb3 Nc4 15.Nc5 O-O-O
16.Bb3 Nd6 17.Bf4 Bf5 18.Re1 Rhe8 19.Bg5 Bf8 20.Bh4 h6 21.f4 Kb8 22.Bf2 e6
23.Rad1 Nb5 24.Nd7+ Kb7 25.Nxf8 Rxf8 26.Bh4 Rxd1 27.Rxd1 Kc8 28.h3 Nc7 29.Rd4 Rg8
30.Bf2 a6 31.Ba4 Nb5 32.Rd2 Kc7 33.Bc5 Kb7 34.Rd7+  1-0

[Event "16th Vienna Open"]
[Site "Vienna AUT"]
[Date "2009.08.19"]
[Round "5"]
[White "Renner,Christo"]
[Black "Kovalev,An"]
[Result "0-1"]
[WhiteElo "2431"]
[BlackElo "2533"]

1.e4 c5 2.Nf3 Nc6 3.Bb5 e6 4.O-O Nge7 5.Re1 a6 6.Bxc6 Nxc6 7.d4 cxd4 8.Nxd4 d6
9.Nxc6 bxc6 10.e5 d5 11.c4 Qh4 12.Nd2 Bc5 13.Qe2 Rb8 14.cxd5 cxd5 15.Nb3 Ba7
16.Be3 Bxe3 17.Qxe3 O-O 18.Rac1 Qa4 19.Qa7 Rb4 20.Qc5 h6 21.Rc3 Bb7 22.Qd6 d4
23.Rc7 Rb5 24.Nc5 Qb4 25.Rd1 Bd5 26.b3 Rb6 27.Qe7 d3 28.Nxd3 Qg4 29.f3 Bxf3
30.Rd2 Qd4+ 31.Rf2 Be2 32.Qd7 Qxd3  0-1

[Event "5th Geller Mem Open A"]
[Site "Odessa UKR"]
[Date "2009.08.20"]
[Round "1"]
[White "Chudinovskikh,A"]
[Black "Daryev,S"]
[Result "1-0"]
[WhiteElo "2375"]
[BlackElo "2086"]

1.e4 c5 2.Nf3 Nc6 3.Bb5 e6 4.O-O Nge7 5.Re1 Qc7 6.c3 a6 7.Bf1 d5 8.exd5 Nxd5
9.d4 cxd4 10.Nxd4 Nxd4 11.Qxd4 Qc5 12.Qg4 Nf6 13.Qg3 Qh5 14.Bd3 Qg4 15.Qc7 Nd5
16.Qe5 Nf6 17.Nd2 Nd7 18.Qc7 Qh4 19.Ne4 Qd8 20.Qg3 Nf6 21.Bg5 Nxe4 22.Bxe4 f6
23.Rad1 Qa5 24.Bf4 Kf7 25.Bd6 Qg5 26.Qf3 Bxd6 27.Rxd6 Rb8 28.Red1 f5 29.Bc2 h5
30.Bb3 Re8 31.h4 Qg4 32.Qe3 f4 33.Qe5 f3 34.g3 Ra8 35.R6d4 Qg6 36.Rf4+ Kg8
37.Rxf3 Qg4 38.Rf5 Qg6 39.Rxh5 Qf6 40.Qe4 g6 41.Rg5 Kg7 42.Bc2  1-0

[Event "Open A"]
[Site "Panevezys LTU"]
[Date "2009.08.20"]
[Round "6"]
[White "Labuckas,A"]
[Black "Milasevicius,J"]
[Result "1-0"]
[WhiteElo "2322"]
[BlackElo "1996"]

1.e4 c5 2.Nf3 Nc6 3.Bb5 g6 4.O-O Bg7 5.Re1 Nf6 6.e5 Nd5 7.Nc3 Nxc3 8.dxc3 O-O
9.Bg5 Re8 10.Qd2 Qc7 11.Bf4 Qb6 12.a4 a6 13.Bc4 Nd8 14.a5 Qc6 15.Bd5 Qc7
16.e6 d6 17.exf7+ Nxf7 18.Ng5 e6 19.Nxe6 Bxe6 20.Bxe6 Be5 21.Bd5 Kg7 22.Be3 Re7
23.f4 Bf6 24.Bf2 Rae8 25.g4 h6 26.Rxe7 Rxe7 27.Re1 g5 28.Bxf7 Kxf7 29.Rxe7+ Qxe7
30.Bg3 Ke6 31.f5+ Kd7 32.Qd5 Kc7 33.Qxc5+  1-0

[Event "9th Open"]
[Site "Brasschaat BEL"]
[Date "2009.08.21"]
[Round "7"]
[White "Nieto,E"]
[Black "Du Pont,D"]
[Result "1/2-1/2"]
[WhiteElo "2246"]
[BlackElo "2072"]

1.e4 c5 2.Nf3 Nc6 3.Bb5 Nf6 4.Bxc6 dxc6 5.d3 Bg4 6.Nbd2 Nd7 7.h3 Bh5 8.g4 Bg6
9.h4 f6 10.Nc4 e5 11.h5 Bf7 12.g5 Qc7 13.h6 O-O-O 14.hxg7 Bxg7 15.Ne3 c4
16.Nxc4 f5 17.Qe2 Nc5 18.Be3 fxe4 19.dxe4 b5 20.Ncd2 Na4 21.O-O-O Bxa2 22.Nb3 Bxb3
23.cxb3 Nb6 24.Rxd8+ Kxd8 25.Nh4 Kc8 26.Nf5 Kb7 27.Kb1 a5 28.Qc2 Nc8 29.Bc5 Bf8
30.g6 Bg7 31.gxh7 Bf6 32.Rh6 Bd8 33.Nd6+ Nxd6 34.Bxd6 Qg7 35.Re6 Qd7 36.Bxe5 Rxh7
37.Rd6 Qe8 38.f4 Bc7 39.Rf6 Bxe5 40.fxe5 Re7 41.Qf2 Rxe5 42.Rf8 Qd7 43.Qf6 Re7
44.e5 Qe6 45.Qxe6 Rxe6 46.Rf5 Kb6 47.Kc2 Kc5 48.Kc3 Kd5 49.Rf8 Rxe5 50.Ra8 Re3+
51.Kc2 Re2+ 52.Kb1 Kc5 53.Rxa5 Kb4 54.Ra3 c5 55.Kc1 Rh2 56.Kb1 Rh3 57.Kc2  1/2-1/2

[Event "5th Geller Mem Open A"]
[Site "Odessa UKR"]
[Date "2009.08.21"]
[Round "2"]
[White "Bernadskiy,V"]
[Black "Varchenko,G"]
[Result "1-0"]
[WhiteElo "2330"]
[BlackElo "2149"]

1.e4 c5 2.Nf3 Nc6 3.Bb5 g6 4.Bxc6 dxc6 5.d3 Bg4 6.Bd2 Bg7 7.Bc3 Nf6 8.h3 Bxf3
9.Qxf3 O-O 10.Qe3 b6 11.Nd2 Qd7 12.O-O-O Ne8 13.Bxg7 Nxg7 14.Qh6 Ne6 15.f4 Nd4
16.Rde1 Rfd8 17.Re3 Qe6 18.Nc4 b5 19.f5 Qf6 20.Na5 gxf5 21.Qxf6 exf6 22.Nb7 f4
23.Ree1 Ne6 24.Nxd8 Rxd8 25.g3 fxg3 26.Rhg1 Kf8 27.Rxg3 Ke7 28.Rf1 Nf8 29.e5 fxe5
30.Rg7 Ne6 31.Rgxf7+ Kd6 32.Rxh7 Nf4 33.h4 Rg8 34.h5 Rg2 35.h6 Rh2 36.Rh8 Kc7
37.h7 Kb7 38.Kd1 Ka6 39.Re1 Nd5 40.Rxe5 c4 41.dxc4 bxc4 42.Re2 Rh4 43.Ke1 c3
44.bxc3 Nxc3 45.Re7 Nd5 46.Rf7 Rh2 47.Re8  1-0

[Event "16th Vienna Open"]
[Site "Vienna AUT"]
[Date "2009.08.21"]
[Round "7"]
[White "Kuba,G"]
[Black "Bensch,P"]
[Result "1-0"]
[WhiteElo "2392"]
[BlackElo "2212"]

1.e4 c5 2.Nf3 Nc6 3.Bb5 g6 4.Bxc6 dxc6 5.d3 Bg7 6.h3 Nf6 7.Nc3 Nd7 8.Be3 e5
9.Qd2 h6 10.O-O Qe7 11.Nh2 Nf8 12.a3 Ne6 13.b4 Nd4 14.Na4 b6 15.Kh1 Be6 16.Rab1 c4
17.Nb2 cxd3 18.Nxd3 Rd8 19.f4 exf4 20.Bxf4 Nb5 21.Rbe1 Nxa3 22.Nf3 Nc4 23.Qf2 O-O
24.Qg3 a5 25.bxa5 bxa5 26.Nh4 g5 27.Nf5 Bxf5 28.exf5 Qf6 29.Bc7 Rd5 30.Qg4 Rd4
31.Qe2 Rc8 32.Bg3 Rcd8 33.Rf3 R4d5 34.Nf2 Ne5 35.Ne4 Qe7 36.f6 Qe6 37.fxg7 Nxf3
38.Qxf3 Rf5 39.Qc3 Qg6 40.Be5 a4 41.g4  1-0

[Event "5th Geller Mem Open A"]
[Site "Odessa UKR"]
[Date "2009.08.22"]
[Round "3"]
[White "Naboka,S"]
[Black "Goreskul,A"]
[Result "0-1"]
[WhiteElo "2021"]
[BlackElo "2222"]

1.e4 c5 2.Nf3 Nc6 3.Bb5 g6 4.O-O Bg7 5.Re1 e5 6.c3 Nge7 7.d3 O-O 8.Nbd2 d6
9.h3 a6 10.Ba4 b5 11.Bc2 h6 12.Nf1 Kh8 13.Ng3 f5 14.exf5 Nxf5 15.Nxf5 gxf5
16.Bb3 Qf6 17.Bd5 Bd7 18.h4 Rab8 19.Ng5 hxg5 20.hxg5 Qg6 21.Re3 f4 22.Be4 Qxg5
23.Rg3 Qh4 24.Rg6 Rf6 25.Rxf6 Bxf6 26.Qb3 Kg7 27.Kf1 Ne7 28.Ke2 Bg4+ 29.f3 Bd7
30.Bd2 Qh2 31.Kf2 Bh4+  0-1